000 00902cam a2200313 4500
001 ABS67712
008 040512n2004 000 0 eng u
035 _a(Sirsi) u126178
245 _aRegional survey: Warwickshire, Worcestershire, Herefordshire and Oxfordshire
260 _c2004
490 _aProperty Week
_v69(16) 16 April 2004, 59-70(6)
590 _aABS
590 _aABS
650 _aWARWICKSHIRE
650 _aWORCESTERSHIRE
650 _aHEREFORDSHIRE
650 _aOXFORDSHIRE
650 _aFLOOD DEFENCES
650 _aROAD IMPROVEMENTS
650 _aPLANNING ISSUES
650 _aFOOTBALL STADIUMS
650 _aWORCESTER CITY FC
650 _aLEAMINGTON SPA
650 _aOFFICE MARKET
650 _aINDUSTRIAL MARKET
650 _aPROPERTY-COMMERCIAL PROPERTY-RETAIL PROPERTY-RETAIL PROPERTY MARKET
690 _aCOMMERCIAL PROPERTY-MARKET
942 _n0
999 _c117342
_d117342